000 00691cam a22002293a 4500
001 33966
003 PGUSA
005 20140828083732.0
008 100928s2010||||xxu|||||s|||||000 | eng d
040 _aPGUSA
_beng
042 _adc
050 4 _aQH
100 1 _aMaslin, T. Paul
245 1 0 _aOccurrence of the Garter Snake, Thamnophis sirtalis, in the Great Plains and Rocky Mountains
_h[electronic resource] /
_cT. Paul Maslin
260 _bProject Gutenberg,
_c2010
506 _aPublic domain in the USA.
516 _aElectronic text
653 _aSnakes -- North America
830 0 _aProject Gutenberg
_v33966
856 4 0 _uhttp://www.gutenberg.org/ebooks/33966
942 _cEB
999 _c263221
_d263221